The outline of history, being a plain history of life and mankind (Record no. 185)
[ view plain ]
| 000 -LEADER | |
|---|---|
| fixed length control field | 00837nam a2200193 a 4500 |
| 005 - DATE AND TIME OF LATEST TRANSACTION | |
| control field | 20260322212009.0 |
| 008 - FIXED-LENGTH DATA ELEMENTS--GENERAL INFORMATION | |
| fixed length control field | data |
| 092 ## - LOCALLY ASSIGNED DEWEY CALL NUMBER (OCLC) | |
| Classification number | 909 W4 1931 |
| 001 - CONTROL NUMBER | |
| control field | data |
| 245 04 - TITLE STATEMENT | |
| Title | The outline of history, being a plain history of life and mankind |
| Statement of responsibility, etc. | edited by H. G. Wells. |
| 260 ## - PUBLICATION, DISTRIBUTION, ETC. | |
| Place of publication, distribution, etc. | Garden City, N.Y. |
| Name of publisher, distributor, etc. | Garden City Publishing Co., Inc. |
| Date of publication, distribution, etc. | c1931 |
| 300 ## - PHYSICAL DESCRIPTION | |
| Extent | xxi p., 1 l., 1174 p. : |
| Other physical details | illus. (incl. ports., maps) diagrs. ; |
| Dimensions | 21 cm. |
| 490 0# - SERIES STATEMENT | |
| Series statement | A Star book |
| 500 ## - GENERAL NOTE | |
| General note | "Chronological table": p. 1102-1121. |
| 500 ## - GENERAL NOTE | |
| General note | In Library storage. |
| 650 #4 - SUBJECT ADDED ENTRY--TOPICAL TERM | |
| Topical term or geographic name entry element | World history. |
| 700 1# - ADDED ENTRY--PERSONAL NAME | |
| Personal name | Wells, H. G. |
| Dates associated with a name | 1866-1946. |
| Fuller form of name | (Herbert George), |
| 856 40 - ELECTRONIC LOCATION AND ACCESS | |
| Uniform Resource Identifier | <a href="https://openlibrary.org/works/OL52210W/The_outline_of_history_being_a_plain_history_of_life_and_mankind?edition=outlineofhistoryv2welluoft">https://openlibrary.org/works/OL52210W/The_outline_of_history_being_a_plain_history_of_life_and_mankind?edition=outlineofhistoryv2welluoft</a> |
| Link text | Online access from the Open Library. |
| Public note | Requires free sign up. |
| Withdrawn status | Lost status | Damaged status | Not for loan | Home library | Current library | Shelving location | Date acquired | Total checkouts | Full call number | Barcode | Date last seen | Price effective from | Koha item type |
|---|---|---|---|---|---|---|---|---|---|---|---|---|---|
| Pleasant Valley | Pleasant Valley | General stacks | 22/03/2026 | GEN | BC0010191 | 22/03/2026 | 22/03/2026 | Books |